[Event "Thanet op 50th"]
[Site "Thanet"]
[Date "2019.08.17"]
[Round "3.4"]
[White "Bayford, Jim"]
[Black "Bennett, John M"]
[Result "1-0"]
[WhiteElo "2023"]
[BlackElo "1995"]
[PlyCount "81"]
[EventDate "2019.08.16"]
[EventType "swiss"]
[EventRounds "5"]
[EventCountry "ENG"]
[SourceTitle "BritBase"]
[Source "John Saunders"]
[SourceDate "2020.02.25"]
[SourceVersion "1"]
[SourceVersionDate "2019.08.17"]
[SourceQuality "1"]

1. e4 d6 2. d4 g6 3. Nc3 Bg7 4. f4 Nf6 5. Nf3 O-O 6. Bd3 Nc6 7. e5 dxe5 8. dxe5
Nd5 9. O-O Nb6 10. Be3 Nb4 11. Be4 Qxd1 12. Raxd1 c6 13. Bc5 Na6 14. Bxe7 Re8
15. Rd8 Rxd8 16. Bxd8 Nc5 17. Bxb6 axb6 18. Rd1 Bg4 19. Kf2 Nxe4+ 20. Nxe4 Bxf3
21. Kxf3 Rxa2 22. Nf6+ Bxf6 23. exf6 h5 24. Rd8+ Kh7 25. Rf8 Rxb2 26. Rxf7+ Kg8
27. Rxb7 Rxc2 28. h3 b5 29. g4 Rc3+ 30. Ke4 Rxh3 31. g5 Rc3 32. Rg7+ Kf8 33.
Rxg6 b4 34. Rg7 b3 35. Rb7 Rc4+ 36. Kf5 Rc5+ 37. Ke6 Rb5 38. Rf7+ Kg8 39. g6 c5
40. Rh7 Rb6+ 41. Ke5 1-0

[Event "Thanet op 50th"]
[Site "Thanet"]
[Date "2019.08.17"]
[Round "3.6"]
[White "Moyse, Nigel John"]
[Black "Mulay, Partha"]
[Result "0-1"]
[WhiteElo "2055"]
[BlackElo "1843"]
[PlyCount "58"]
[EventDate "2019.08.16"]
[EventType "swiss"]
[EventRounds "5"]
[EventCountry "ENG"]
[SourceTitle "BritBase"]
[Source "John Saunders"]
[SourceDate "2020.02.25"]
[SourceVersion "1"]
[SourceVersionDate "2019.08.17"]
[SourceQuality "1"]

1. d4 Nf6 2. c4 g6 3. Nc3 Bg7 4. e4 d6 5. f3 a6 6. Be3 Nc6 7. Nge2 O-O 8. Qd2
Rb8 9. a4 Nd7 10. Bh6 Bxh6 11. Qxh6 e5 12. d5 Nb4 13. Qd2 Nc5 14. Nc1 f5 15. g3
fxe4 16. Nxe4 Rxf3 17. Nxc5 dxc5 18. Be2 Rf8 19. Nd3 Nxd3+ 20. Bxd3 e4 21. Be2
Bh3 22. Rg1 Qf6 23. O-O-O Qf2 24. Rde1 Rbe8 25. Qh6 Bg2 26. Bg4 e3 27. Be6+
Rxe6 28. dxe6 Qd2+ 29. Kb1 Rf2 0-1

[Event "Thanet op 50th"]
[Site "Thanet"]
[Date "2019.08.17"]
[Round "3.7"]
[White "Kaya, Batuhan"]
[Black "Jermy, Jaden"]
[Result "1-0"]
[WhiteElo "1584"]
[BlackElo "1622"]
[PlyCount "117"]
[EventDate "2019.08.16"]
[EventType "swiss"]
[EventRounds "5"]
[EventCountry "ENG"]
[SourceTitle "BritBase"]
[Source "John Saunders"]
[SourceDate "2020.02.25"]
[SourceVersion "1"]
[SourceVersionDate "2019.08.17"]
[SourceQuality "1"]

1. e4 c5 2. Nf3 e6 3. c3 Nc6 4. d4 Nf6 5. e5 Nd5 6. Bc4 Nb6 7. Bb3 Be7 8. O-O
d6 9. Bf4 dxe5 10. dxe5 Qxd1 11. Rxd1 O-O 12. Nbd2 Nd5 13. Bg3 b6 14. Ne4 Rd8
15. Rd2 Bb7 {(=)} 16. Rad1 Na5 17. h3 h6 18. c4 Nb4 19. Nd6 Nxb3 20. axb3 Bxf3
21. gxf3 Nc6 22. Rd3 a6 23. Kg2 Nd4 24. f4 Bxd6 25. exd6 f5 26. Bh4 Rxd6 27. b4
Kf7 28. f3 a5 29. bxc5 bxc5 30. Bf2 Rad8 31. Ra3 Ra6 32. Rda1 Rda8 33. Bxd4
cxd4 34. Rd3 {(=)} Rb8 35. b3 Ra7 36. Ra3 Rd8 37. b4 Rc7 38. bxa5 Rxc4 39. Rdb3
Ra8 40. a6 Rc7 41. Rb7 Rxb7 42. axb7 Rb8 43. Rb3 Ke7 44. Rb6 g5 45. Kf2 Kf6 46.
Ke2 gxf4 {(=)} 47. Kd3 Kg5 48. Kxd4 Kh4 49. Ke5 Kg3 50. Rb3 h5 51. h4 Kxh4 52.
Kxf4 Kh3 53. Kg5 f4 54. Kxh5 Kg3 55. Kg5 e5 56. Kf5 Rxb7 57. Rxb7 Kxf3 58. Kxe5
Kg3 59. Rg7+ 1-0

[Event "Thanet op 50th"]
[Site "Thanet"]
[Date "2019.08.17"]
[Round "3.8"]
[White "Botley, Gordon"]
[Black "Gray, Edward"]
[Result "1-0"]
[WhiteElo "2150"]
[BlackElo "1757"]
[PlyCount "55"]
[EventDate "2019.08.16"]
[EventType "swiss"]
[EventRounds "5"]
[EventCountry "ENG"]
[SourceTitle "BritBase"]
[Source "John Saunders"]
[SourceDate "2020.02.25"]
[SourceVersion "1"]
[SourceVersionDate "2019.08.17"]
[SourceQuality "1"]

1. d4 Nf6 2. c4 c5 3. Nf3 cxd4 4. Nxd4 g6 5. Nc3 Bg7 6. e4 d6 7. Be2 Nc6 8. Be3
Bd7 9. Rc1 Ne5 10. f3 Rc8 11. b3 a6 12. Qd2 h5 13. O-O h4 14. Nd5 Nxd5 15. exd5
h3 16. g3 O-O 17. f4 Ng4 18. Bxg4 Bxg4 19. f5 Qd7 20. Bh6 Kh7 21. Bxg7 Kxg7 22.
Qg5 Bh5 23. g4 f6 24. Qh4 Rh8 25. Ne6+ Kf7 26. gxh5 gxh5 27. Qxh3 b5 28. Kh1
1-0

[Event "Thanet op 50th"]
[Site "Thanet"]
[Date "2019.08.18"]
[Round "4.1"]
[White "Richmond, Jane"]
[Black "Taylor, Martin R"]
[Result "0-1"]
[WhiteElo "2069"]
[BlackElo "2345"]
[PlyCount "42"]
[EventDate "2019.08.16"]
[EventType "swiss"]
[EventRounds "5"]
[EventCountry "ENG"]
[SourceTitle "BritBase"]
[Source "John Saunders"]
[SourceDate "2020.02.25"]
[SourceVersion "1"]
[SourceVersionDate "2019.08.17"]
[SourceQuality "1"]

1. e4 Nf6 2. e5 Nd5 3. Qf3 e6 4. Qg3 d6 5. d4 c5 6. Bb5+ Bd7 7. Bxd7+ Nxd7 8.
c3 cxd4 9. cxd4 dxe5 10. dxe5 Nb4 11. Na3 Nxe5 12. Bd2 Qd5 13. Ne2 Nbd3+ 14.
Kf1 Bxa3 15. bxa3 O-O 16. Bc3 Rad8 17. Rd1 Qxa2 18. f4 Nxf4 19. Re1 Nxe2 20.
Rxe2 Qb1+ 21. Kf2 Qf5+ 0-1

[Event "Thanet op 50th"]
[Site "Thanet"]
[Date "2019.08.18"]
[Round "4.2"]
[White "Anderson, John"]
[Black "Merry, Alan B"]
[Result "0-1"]
[WhiteElo "2163"]
[BlackElo "2427"]
[PlyCount "34"]
[EventDate "2019.08.16"]
[EventType "swiss"]
[EventRounds "5"]
[EventCountry "ENG"]
[SourceTitle "BritBase"]
[Source "John Saunders"]
[SourceDate "2020.02.25"]
[SourceVersion "1"]
[SourceVersionDate "2019.08.17"]
[SourceQuality "1"]

1. e4 d5 2. d4 dxe4 3. Nc3 Nf6 4. f3 exf3 5. Nxf3 Bf5 6. Ne5 c6 7. Bc4 e6 8. g4
Bg6 9. h4 Nbd7 10. Qe2 Bb4 11. Bd2 Nxe5 12. dxe5 Ne4 13. O-O-O Nxd2 14. Rxd2
Qa5 15. h5 Bxc3 16. bxc3 Qxc3 17. Kb1 Be4 0-1

[Event "Thanet op 50th"]
[Site "Thanet"]
[Date "2019.08.18"]
[Round "4.3"]
[White "Mulay, Partha"]
[Black "Watson, Mikey J"]
[Result "1-0"]
[WhiteElo "1843"]
[BlackElo "1973"]
[PlyCount "98"]
[EventDate "2019.08.16"]
[EventType "swiss"]
[EventRounds "5"]
[EventCountry "ENG"]
[SourceTitle "BritBase"]
[Source "John Saunders"]
[SourceDate "2020.02.25"]
[SourceVersion "1"]
[SourceVersionDate "2019.08.17"]
[SourceQuality "1"]

1. d4 d5 2. Nc3 g6 3. e4 dxe4 4. Nxe4 Bg7 5. Nf3 Bf5 6. Ng3 Bg4 7. Bc4 Nf6 8.
Bxf7+ Kxf7 9. Ne5+ Kg8 10. Nxg4 Nxg4 11. Qxg4 Qxd4 12. Qe6+ Kf8 13. Qc8+ Kf7
14. Qxb7 Qe5+ 15. Ne4 Nd7 16. Be3 Rhb8 17. Qc6 h6 18. Rd1 Nf6 19. Nc5 Rd8 20.
Rxd8 Rxd8 21. O-O Nd5 22. Nd3 Qd6 23. Qc4 a5 24. Bc5 Qf6 25. Re1 e6 26. Ne5+
Kg8 27. Nc6 Ra8 28. g3 Re8 29. Ne5 Qg5 30. Qb5 Rd8 31. Nc6 Rd7 32. Rxe6 Nf4 33.
Qc4 Nh3+ 34. Kg2 Nf4+ 35. Qxf4 Qxc5 36. Re8+ Kh7 37. Ne5 Qd5+ 38. Kh3 Bxe5 39.
Rxe5 Qxa2 40. Re8 Qf7 41. Qe3 h5 42. Re5 a4 43. Qe2 Qf6 44. Qe3 Rf7 45. f4 Rd7
46. Qe4 Rd2 47. Rxh5+ Kg7 48. Rg5 Rd4 49. Qe5 Kf7 1-0

[Event "Thanet op 50th"]
[Site "Thanet"]
[Date "2019.08.18"]
[Round "4.4"]
[White "Bayford, Jim"]
[Black "Botley, Gordon"]
[Result "0-1"]
[WhiteElo "2023"]
[BlackElo "2150"]
[PlyCount "62"]
[EventDate "2019.08.16"]
[EventType "swiss"]
[EventRounds "5"]
[EventCountry "ENG"]
[SourceTitle "BritBase"]
[Source "John Saunders"]
[SourceDate "2020.02.25"]
[SourceVersion "1"]
[SourceVersionDate "2019.08.17"]
[SourceQuality "1"]

1. e4 c5 2. c3 d5 3. exd5 Qxd5 4. d4 e6 5. Nf3 Nc6 6. Bd3 cxd4 7. cxd4 Nf6 8.
Nc3 Qd6 9. a3 Be7 10. O-O O-O 11. Be3 a6 12. Bc2 b5 13. b4 a5 14. Qd3 axb4 15.
Nxb5 Qb8 16. a4 Ra5 17. Rfe1 Ba6 18. d5 Rd8 19. dxc6 Rxd3 20. Bxd3 Nd5 21. Rec1
Bxb5 22. axb5 Bd8 23. Nd4 Ra3 24. Bc4 Nxe3 25. fxe3 Rxe3 26. Nc2 b3 27. Nxe3 b2
28. Nc2 Bb6+ 29. Kh1 bxc1=Q+ 30. Rxc1 Qf4 31. Ra1 g6 0-1

[Event "Thanet op 50th"]
[Site "Thanet"]
[Date "2019.08.18"]
[Round "4.5"]
[White "Borland, Scott"]
[Black "Faldon, David J"]
[Result "1/2-1/2"]
[WhiteElo "1782"]
[BlackElo "1904"]
[PlyCount "73"]
[EventDate "2019.08.16"]
[EventType "swiss"]
[EventRounds "5"]
[EventCountry "ENG"]
[SourceTitle "BritBase"]
[Source "John Saunders"]
[SourceDate "2020.02.25"]
[SourceVersion "1"]
[SourceVersionDate "2019.08.17"]
[SourceQuality "1"]

{[%evp 0,73,16,28,26,-14,30,10,28,-48,37,-25,-21,-62,-64,-12,-12,-12,37,-29,25,
30,20,-61,-94,-102,-72,-87,-107,-108,-104,-120,-90,-127,-113,-125,-87,-97,-29,
-25,-19,-17,-14,-12,-35,-27,-18,-34,-28,-15,0,0,-5,-43,-35,-37,-49,-60,-40,-43,
-28,-31,0,-8,-37,-32,-6,0,0,-6,0,0,28,16,19,8]} 1. d4 d5 2. c4 dxc4 3. Nc3 a6
4. a4 Nc6 5. e3 e5 6. Bxc4 exd4 7. exd4 Qxd4 8. Qe2+ Qe5 9. Be3 Be6 10. Nf3
Bxc4 11. Nxe5 Bxe2 12. Nxc6 Bg4 13. Nd4 Nf6 14. f3 Bd7 15. Kf2 Be7 16. g4 O-O
17. h4 c5 18. Nb3 Bc6 19. Bxc5 Bxc5+ 20. Nxc5 Rac8 21. Nd3 Rfd8 22. Rhd1 Nd5
23. Ne5 Nxc3 24. Rxd8+ Rxd8 25. bxc3 {(=)} Be8 26. Ke3 f6 27. Nd3 Rc8 28. Kd4
Rd8+ 29. Ke3 Bc6 30. Nb4 Re8+ 31. Kf2 Bd7 32. Nd5 Re5 33. c4 Bc6 34. Nb4 Be8
35. Nd5 b5 36. axb5 axb5 37. Ne3 1/2-1/2

[Event "Thanet op 50th"]
[Site "Thanet"]
[Date "2019.08.18"]
[Round "4.6"]
[White "Gregory, Philip J"]
[Black "Britnell, Jonathan"]
[Result "0-1"]
[WhiteElo "2028"]
[BlackElo "1590"]
[PlyCount "42"]
[EventDate "2019.08.16"]
[EventType "swiss"]
[EventRounds "5"]
[EventCountry "ENG"]
[SourceTitle "BritBase"]
[Source "John Saunders"]
[SourceDate "2020.02.25"]
[SourceVersion "1"]
[SourceVersionDate "2019.08.17"]
[SourceQuality "1"]

1. e4 e5 2. Nf3 Nc6 3. d4 exd4 4. Nxd4 Nf6 5. Nc3 Bb4 6. Nxc6 bxc6 7. Bd3 d6 8.
Bg5 h6 9. Bh4 Be6 10. f4 Rb8 11. O-O Bc5+ 12. Kh1 g5 13. fxg5 Ng4 14. Qf3 Nxh2
15. Kxh2 hxg5 16. Qf6 Rxh4+ 17. Kg3 Qxf6 18. Rxf6 Bd4 19. Rff1 Rxb2 20. Ne2
Be5+ 21. Kf2 c5 0-1

[Event "Thanet op 50th"]
[Site "Thanet"]
[Date "2019.08.18"]
[Round "4.7"]
[White "Bennett, John M"]
[Black "Kaya, Batuhan"]
[Result "1/2-1/2"]
[WhiteElo "1995"]
[BlackElo "1584"]
[PlyCount "78"]
[EventDate "2019.08.16"]
[EventType "swiss"]
[EventRounds "5"]
[EventCountry "ENG"]
[SourceTitle "BritBase"]
[Source "John Saunders"]
[SourceDate "2020.02.25"]
[SourceVersion "1"]
[SourceVersionDate "2019.08.17"]
[SourceQuality "1"]

1. d4 Nf6 2. c4 e6 3. Nf3 d5 4. Nc3 Be7 5. Bf4 O-O 6. e3 b6 7. cxd5 exd5 8. Bd3
Bb7 9. Ne5 Nbd7 10. Qf3 c5 11. Qh3 g6 12. O-O Nxe5 13. dxe5 Nh5 14. Bh6 Ng7 15.
Rad1 Bg5 16. Bxg7 Kxg7 17. f4 Bh6 18. f5 Qg5 19. Rf3 Qh5 20. f6+ Kh8 21. Qxh5
gxh5 22. Rh3 d4 23. exd4 cxd4 24. Ne4 Bc8 25. Rh4 Be3+ 26. Kh1 Bg4 27. Rf1 {(=)
} Rac8 28. h3 Be6 29. Rxh5 h6 30. Nd6 Rc1 31. Rxc1 Bxc1 32. b3 Rg8 33. Bc4 Bxc4
34. bxc4 Rf8 35. Rh4 d3 36. Rd4 Bb2 37. Rxd3 Bxe5 38. Ne4 Rc8 39. Rd5 Bb8
1/2-1/2

[Event "Thanet op 50th"]
[Site "Thanet"]
[Date "2019.08.18"]
[Round "4.8"]
[White "Woolacott, Samuel"]
[Black "Moyse, Nigel John"]
[Result "1-0"]
[WhiteElo "1903"]
[BlackElo "2055"]
[PlyCount "95"]
[EventDate "2019.08.16"]
[EventType "swiss"]
[EventRounds "5"]
[EventCountry "ENG"]
[SourceTitle "BritBase"]
[Source "John Saunders"]
[SourceDate "2020.02.25"]
[SourceVersion "1"]
[SourceVersionDate "2019.08.17"]
[SourceQuality "1"]

1. Nf3 Nf6 2. c4 g6 3. b3 Bg7 4. Bb2 O-O 5. g3 d6 6. d4 c5 7. Bg2 Qa5+ 8. Bc3
Qb6 9. d5 a5 10. Nbd2 e6 11. O-O exd5 12. cxd5 Re8 13. Re1 Qc7 14. e4 Bg4 15.
Qc2 Nbd7 16. a4 Nh5 17. Bxg7 Nxg7 18. h3 Bxf3 19. Bxf3 Re7 20. Nc4 Rae8 21. Re2
Ne5 22. Bg2 Nxc4 23. bxc4 Nf5 24. Qd3 Nd4 25. Rb2 f5 26. f3 Qd7 27. Qd2 Qd8 28.
Rab1 fxe4 29. fxe4 b5 30. axb5 Qb6 31. Ra1 Ra8 32. Ra4 Re5 33. Rba2 Nb3 34. Qc3
Nd4 35. Kh2 Kg7 36. Rxa5 Rf8 37. Ra7+ Kh6 38. Rd7 Qb8 39. Raa7 Rh8 40. h4 Qf8
41. Rf7 Qd8 42. Rad7 Qb8 43. Qe3+ g5 44. Rf6+ Kh5 45. g4+ Kxg4 46. Qh3+ Kh5 47.
hxg5+ Kxg5 48. Qh6+ 1-0

[Event "Thanet op 50th"]
[Site "Thanet"]
[Date "2019.08.18"]
[Round "4.9"]
[White "Jermy, Jaden"]
[Black "Bourne, Johnathan"]
[Result "0-1"]
[WhiteElo "1622"]
[BlackElo "1906"]
[PlyCount "70"]
[EventDate "2019.08.16"]
[EventType "swiss"]
[EventRounds "5"]
[EventCountry "ENG"]
[SourceTitle "BritBase"]
[Source "John Saunders"]
[SourceDate "2020.02.25"]
[SourceVersion "1"]
[SourceVersionDate "2019.08.17"]
[SourceQuality "1"]

1. d4 Nf6 2. c4 g6 3. Nf3 Bg7 4. g3 d6 5. Bg2 O-O 6. O-O Nbd7 7. Nc3 e5 8. e4
exd4 9. Nxd4 a6 10. h3 Rb8 11. Be3 c5 12. Nde2 Ne5 13. b3 b5 14. f4 Ned7 15.
Rc1 Re8 16. Qd3 b4 17. Nd5 Nxd5 18. cxd5 Qe7 19. g4 f5 20. Ng3 fxg4 21. hxg4
Nf6 22. g5 Ng4 23. Kh1 Bd7 24. Qe2 h5 25. Qd2 h4 26. Ne2 Nxe3 27. Qxe3 Bf5 28.
e5 dxe5 29. Qxc5 Qxc5 30. Rxc5 h3 31. Bxh3 Bxh3 32. Rfc1 Rbc8 33. Rc6 Bg4 34.
d6 Rxc6 35. Rxc6 Bf3+ 0-1

[Event "Thanet op 50th"]
[Site "Thanet"]
[Date "2019.08.18"]
[Round "5.1"]
[White "Merry, Alan B"]
[Black "Taylor, Martin R"]
[Result "1-0"]
[WhiteElo "2427"]
[BlackElo "2345"]
[PlyCount "55"]
[EventDate "2019.08.16"]
[EventType "swiss"]
[EventRounds "5"]
[EventCountry "ENG"]
[SourceTitle "BritBase"]
[Source "John Saunders"]
[SourceDate "2020.02.25"]
[SourceVersion "1"]
[SourceVersionDate "2019.08.17"]
[SourceQuality "1"]

1. e4 Nf6 2. e5 Nd5 3. c4 Nb6 4. d4 d6 5. f4 g6 6. Nc3 Bg7 7. Be3 O-O 8. c5
N6d7 9. Bc4 e6 10. Nf3 b6 11. cxd6 cxd6 12. h4 Ba6 13. Bxa6 Nxa6 14. h5 Nc7 15.
hxg6 hxg6 16. Ng5 Re8 17. Qf3 Nf8 18. O-O-O d5 19. Rh4 f6 20. exf6 Qxf6 21.
Rdh1 Rac8 22. Kb1 Re7 23. g4 Ne8 24. Nce4 dxe4 25. Nxe4 Qxd4 26. Bxd4 Bxd4 27.
Qh3 Rec7 28. Ng5 1-0

[Event "Thanet op 50th"]
[Site "Thanet"]
[Date "2019.08.18"]
[Round "5.2"]
[White "Botley, Gordon"]
[Black "Mulay, Partha"]
[Result "0-1"]
[WhiteElo "2150"]
[BlackElo "1843"]
[PlyCount "92"]
[EventDate "2019.08.16"]
[EventType "swiss"]
[EventRounds "5"]
[EventCountry "ENG"]
[SourceTitle "BritBase"]
[Source "John Saunders"]
[SourceDate "2020.02.25"]
[SourceVersion "1"]
[SourceVersionDate "2019.08.17"]
[SourceQuality "1"]

1. d4 Nf6 2. c4 g6 3. Nc3 Bg7 4. Nf3 O-O 5. g3 d6 6. Bg2 Nbd7 7. O-O e5 8. h3
Re8 9. e4 exd4 10. Nxd4 a6 11. Re1 Rb8 12. b3 c5 13. Nc2 b5 14. cxb5 axb5 15.
Bb2 b4 16. Nd5 Bb7 17. Qd2 Nxe4 18. Rxe4 Bxb2 19. Rxe8+ Qxe8 20. Re1 Qf8 21.
Ncxb4 Be5 22. Nc2 Bxd5 23. Bxd5 Qg7 24. Rd1 Nb6 25. Ne3 Bd4 26. Bg2 d5 27. Bxd5
Nxd5 28. Nxd5 Rd8 29. Ne3 Qe5 30. Re1 Re8 31. Ng2 Qb8 32. Rxe8+ Qxe8 33. Qe1
Qc8 34. h4 Qh3 35. Qe4 Qd7 36. Nf4 Qa7 37. Qe2 Qb8 38. Qc4 Qe5 39. Ne2 Qe4 40.
Nxd4 cxd4 41. a4 Qb1+ 42. Qf1 Qxb3 43. a5 d3 44. a6 d2 45. a7 Qa4 46. Kh2 Qxa7
0-1

[Event "Thanet op 50th"]
[Site "Thanet"]
[Date "2019.08.18"]
[Round "5.3"]
[White "Britnell, Jonathan"]
[Black "Richmond, Jane"]
[Result "0-1"]
[WhiteElo "1590"]
[BlackElo "2069"]
[PlyCount "52"]
[EventDate "2019.08.16"]
[EventType "swiss"]
[EventRounds "5"]
[EventCountry "ENG"]
[SourceTitle "BritBase"]
[Source "John Saunders"]
[SourceDate "2020.02.25"]
[SourceVersion "1"]
[SourceVersionDate "2019.08.17"]
[SourceQuality "1"]

1. e4 e5 2. Nf3 Nc6 3. d4 exd4 4. Nxd4 Nf6 5. Nxc6 bxc6 6. e5 Qe7 7. Qe2 Nd5 8.
c4 Ba6 9. b3 g5 10. Qe4 Nf4 11. Bb2 Bg7 12. Nd2 Ng6 13. Nf3 Qb4+ 14. Kd1 O-O-O
15. Bd3 Rhe8 16. Re1 d6 17. Qf5+ Kb8 18. Nxg5 dxe5 19. Kc2 Nf4 20. Bc3 Qb6 21.
Re3 Nxg2 22. Re4 Bc8 23. Qf3 f5 24. Qxg2 fxe4 25. Bxe4 Bh6 26. Bxc6 Rf8 0-1

[Event "Thanet op 50th"]
[Site "Thanet"]
[Date "2019.08.18"]
[Round "5.4"]
[White "Watson, Mikey J"]
[Black "Bayford, Jim"]
[Result "1/2-1/2"]
[WhiteElo "1973"]
[BlackElo "2023"]
[PlyCount "92"]
[EventDate "2019.08.16"]
[EventType "swiss"]
[EventRounds "5"]
[EventCountry "ENG"]
[SourceTitle "BritBase"]
[Source "John Saunders"]
[SourceDate "2020.02.25"]
[SourceVersion "1"]
[SourceVersionDate "2019.08.17"]
[SourceQuality "1"]

1. Nf3 Nf6 2. c4 c5 3. g3 Nc6 4. Bg2 e5 5. d3 d5 6. cxd5 Nxd5 7. Nc3 Nc7 8. O-O
Be7 9. Nd2 O-O 10. Nc4 f6 11. f4 exf4 12. Bxf4 Be6 13. Rc1 Qd7 14. Bxc7 Qxc7
15. Nd5 Qd7 16. Nxe7+ Qxe7 17. Bxc6 bxc6 18. Qc2 Rfe8 19. e4 Rad8 20. Rfd1 Bxc4
21. Qxc4+ Qf7 22. Qxf7+ Kxf7 23. Kf2 Re5 24. Ke3 Ke7 25. Rc4 Rb8 26. Rd2 Rb5
27. Rdc2 Kd7 28. a3 a5 29. g4 h5 30. h3 Kd6 31. Kf4 Kd7 32. a4 Rb4 33. Rxc5
Rxc5 34. Rxc5 hxg4 35. Rxa5 gxh3 36. Ra7+ Ke6 37. Rxg7 h2 38. Rh7 Rxb2 39. d4
Ra2 40. a5 Rd2 41. Ke3 Ra2 42. a6 Rxa6 43. Rxh2 Ra3+ 44. Kf4 Rd3 45. Rc2 Rxd4
46. Rxc6+ Rd6 1/2-1/2

[Event "Thanet op 50th"]
[Site "Thanet"]
[Date "2019.08.18"]
[Round "5.5"]
[White "Kaya, Batuhan"]
[Black "Borland, Scott"]
[Result "1/2-1/2"]
[WhiteElo "1584"]
[BlackElo "1782"]
[PlyCount "56"]
[EventDate "2019.08.16"]
[EventType "swiss"]
[EventRounds "5"]
[EventCountry "ENG"]
[SourceTitle "BritBase"]
[Source "John Saunders"]
[SourceDate "2020.02.25"]
[SourceVersion "1"]
[SourceVersionDate "2019.08.17"]
[SourceQuality "1"]

1. e4 Nf6 2. e5 Nd5 3. d4 d6 4. c4 Nb6 5. exd6 cxd6 6. Nc3 g6 7. Be3 Bg7 8. Rc1
O-O 9. b3 e6 10. Nf3 Re8 11. Be2 Nc6 12. O-O d5 13. c5 Nd7 14. Nb5 Nf6 15. Nd6
Re7 16. Bg5 h6 17. Bh4 g5 18. Bg3 Ne4 19. Bd3 Nxg3 {(=)} 20. fxg3 Nxd4 21. Bb1
Nc6 22. Qd3 f5 23. g4 Bb2 24. gxf5 exf5 25. Rcd1 g4 26. Qd2 gxf3 27. Rxf3 Bd4+
28. Kh1 Qa5 1/2-1/2

[Event "Thanet op 50th"]
[Site "Thanet"]
[Date "2019.08.18"]
[Round "5.6"]
[White "Faldon, David J"]
[Black "Bennett, John M"]
[Result "1/2-1/2"]
[WhiteElo "1904"]
[BlackElo "1995"]
[PlyCount "41"]
[EventDate "2019.08.16"]
[EventType "swiss"]
[EventRounds "5"]
[EventCountry "ENG"]
[SourceTitle "BritBase"]
[Source "John Saunders"]
[SourceDate "2020.02.25"]
[SourceVersion "1"]
[SourceVersionDate "2019.08.17"]
[SourceQuality "1"]

1. c4 f5 2. e4 fxe4 3. d3 Nf6 4. Nc3 e5 5. a3 Nc6 6. dxe4 d6 7. Nf3 Bg4 8. Be2
Bxf3 9. Bxf3 Nd4 10. Be3 Nxf3+ 11. Qxf3 Be7 12. Qe2 c6 13. Rd1 Qc8 14. f3 Qe6
15. b4 a6 16. O-O O-O 17. a4 Rfe8 18. Rb1 Bf8 19. Rfd1 Rad8 20. Qa2 Rc8 21. Rd2
1/2-1/2

[Event "Thanet op 50th"]
[Site "Thanet"]
[Date "2019.08.18"]
[Round "5.7"]
[White "Bourne, Johnathan"]
[Black "Woolacott, Samuel"]
[Result "1/2-1/2"]
[WhiteElo "1906"]
[BlackElo "1903"]
[PlyCount "25"]
[EventDate "2019.08.16"]
[EventType "swiss"]
[EventRounds "5"]
[EventCountry "ENG"]
[SourceTitle "BritBase"]
[Source "John Saunders"]
[SourceDate "2020.02.25"]
[SourceVersion "1"]
[SourceVersionDate "2019.08.17"]
[SourceQuality "1"]

1. d4 Nf6 2. Bf4 d5 3. e3 c5 4. c3 e6 5. Nd2 Bd6 6. Bg3 Qc7 7. Ngf3 Nbd7 8. Bd3
O-O 9. Qe2 e5 10. dxe5 Nxe5 11. Nxe5 Bxe5 12. Bxe5 Qxe5 13. Nf3 1/2-1/2

[Event "Thanet op 50th"]
[Site "Thanet"]
[Date "2019.08.18"]
[Round "5.8"]
[White "Gray, Edward"]
[Black "Gregory, Philip J"]
[Result "0-1"]
[WhiteElo "1757"]
[BlackElo "2028"]
[PlyCount "78"]
[EventDate "2019.08.16"]
[EventType "swiss"]
[EventRounds "5"]
[EventCountry "ENG"]
[SourceTitle "BritBase"]
[Source "John Saunders"]
[SourceDate "2020.02.25"]
[SourceVersion "1"]
[SourceVersionDate "2019.08.17"]
[SourceQuality "1"]

1. e4 e5 2. Nf3 Nc6 3. Bc4 Bc5 4. d3 d6 5. h3 Nf6 6. c3 Bb6 7. O-O O-O 8. Nbd2
Ne7 9. Re1 Ng6 10. Nf1 Be6 11. Bb3 Re8 12. Ng3 h6 13. d4 Bxb3 14. Qxb3 c6 15.
Qc2 Qc7 16. Nf5 Rad8 17. dxe5 dxe5 18. Be3 Bxe3 19. Rxe3 Rd7 20. g3 Red8 21. a4
Kh7 22. c4 Ne8 23. c5 Nf8 24. g4 g6 25. Ng3 Ne6 26. Ne2 f6 27. b4 a5 28. Qb3
N8g7 29. Rc1 axb4 30. Qxb4 Rd1+ 31. Rxd1 Rxd1+ 32. Kg2 Qd7 33. Rb3 Nd8 34. Nc3
Rc1 35. Qa3 Rc2 36. Qa1 Nde6 37. Qb1 Nf4+ 38. Kh1 Rxf2 39. Nd1 Rf1+ 0-1

[Event "Thanet Challengers 50th"]
[Site "Thanet"]
[Date "2019.08.16"]
[Round "1.1"]
[White "Waterfield, John W"]
[Black "Jackson, Paul G"]
[Result "0-1"]
[WhiteElo "1921"]
[BlackElo "1862"]
[PlyCount "74"]
[EventDate "2019.08.16"]
[EventType "swiss"]
[EventRounds "5"]
[EventCountry "ENG"]
[SourceTitle "BritBase"]
[Source "John saunders"]
[SourceDate "2020.02.25"]
[SourceVersion "1"]
[SourceVersionDate "2019.08.17"]
[SourceQuality "1"]

1. e4 e6 2. d4 d5 3. Nc3 Nf6 4. e5 Nfd7 5. f4 c5 6. Nf3 Nc6 7. Be3 Be7 8. Qd2
O-O 9. O-O-O Qa5 10. dxc5 Bxc5 11. Bxc5 Nxc5 12. Kb1 Rb8 13. Nb5 Ne4 14. Qe3
Bd7 15. Bd3 Nb4 16. Na3 Bc6 17. Rhe1 b5 18. Nd4 Ba8 19. Bxe4 dxe4 20. Nb3 Qc7
21. Qc5 Qxc5 22. Nxc5 Rfd8 23. Nxb5 Rdc8 24. Nxa7 Rxc5 25. a3 Nd5 26. Ka2 h6
27. c4 Rxc4 28. Rc1 Rxc1 29. Rxc1 Nxf4 30. Nc6 Bxc6 31. Rxc6 Nxg2 32. Rc4 e3
33. Re4 Rd8 34. Kb3 f5 35. exf6 gxf6 36. Rxe6 Kf7 37. Re4 Rd2 0-1